00699nam a2200241 a 4500001001300000003000900013005001700022008004100039020001000080082001500090100002300105245002800128260004700156300000900203500003500212505001300247650002400260700002300284902000800307942000700315952011800322999001700440nice12345678IN_TiNIC20260116015127.0050524s1968 mada grp 000 0 eng  ac10000a221.6bROT aRoth, Wolfgang M W aOld Testament Theology. aMadrasbChristian Literature Societyc1968 a249p aincludes index and biblioraphy2 aGlossary aBible O.T. Theology1 aRoth, Wolfgang M W bSRS cBK 001040708StackRoom-aHMIbHMId2007-06-18g100.00l0o221.6 ROTp11001172r2007-06-18v100.00w2005-05-24yBK c18413d18413